Statistics for Five Least Elevated Countries by Continent

Click here to take the quiz!

General Stats

  • This quiz has been taken 2,653 times
    (2,607 since last reset)
  • The average score is 18 of 30

Answer Stats

ContinentElevationPointCountry% Correct
North Americasea levelNorth Atlantic OceanBahamas, Barbados, ...
86%
Oceaniasea levelSouth Pacific OceanFiji, Nauru, PNG, ...
86%
North America-279Badwater BasinUnited States
83%
Oceania-49Lake EyreAustralia
81%
South Americasea levelAtlantic OceanBrazil
80%
North Americasea levelCaribbean SeaBelize, Costa Rica, ...
78%
Oceania-7Taieri PlainsNew Zealand
78%
South America-344Laguna del CarbónArgentina
76%
North America-33Laguna SaladaMexico
76%
Europe-22ZuidplaspolderNetherlands
76%
South Americasea levelSouth Pacific OceanChile
74%
South Americasea levelCaribbean SeaColombia / Venezuela
73%
Oceaniasea levelNorth Pacific OceanFS of M., Palau, ...
71%
Europe-92Caspian SeaRussia
71%
South America-112Bayóvar DepressionPeru
67%
Asia-505AydingkolChina
65%
Asia-1,404Dead SeaIsrael / Jordan
61%
Africa-436Qattara DepressionEgypt
60%
Europe-23LammefjordDenmark
53%
Oceaniasea levelPacific OceanKiribati
51%
Europe-16Kuyalnik EstuaryUkraine
42%
Africa-410Danakil DepressionEthiopia
39%
Asia-702Sea of GalileeSyria
39%
Asia-433Karagiye DepressionKazakhstan
37%
Africa-246Lake KululEritrea
32%
Africa-180Sebkha TahMorocco
32%
Africa-509Lake AssalDjibouti
30%
North America-148Lago EnriquilloDominican Republic
28%
Asia-266Vpadina AkchanayaTurkmenistan
25%
Europe-16Nemunas DeltaLithuania
23%

Score Distribution

Percentile by Number Answered

Percent of People with Each Score

Your Score History

You have not taken this quiz since the last reset